Biggest Cities in the United States in 1890 - Statistics

General Stats
  • This quiz has been taken 14 times
  • The average score is 78 of 100
Answer Stats
Population State City % Correct
434,439 MD Baltimore
100%
448,477 MA Boston
100%
255,664 NY Buffalo
100%
1,099,850 IL Chicago
100%
296,908 OH Cincinnati
100%
261,353 OH Cleveland
100%
205,876 MI Detroit
100%
50,395 CA Los Angeles
100%
204,468 WI Milwaukee
100%
164,738 MN Minneapolis
100%
242,039 LA New Orleans
100%
1,515,301 NY New York
100%
1,046,964 PA Philadelphia
100%
133,896 NY Rochester
100%
298,997 CA San Francisco
100%
88,143 NY Syracuse
100%
230,392 DC Washington
100%
94,923 NY Albany
92%
806,343 NY Brooklyn
92%
88,150 OH Columbus
92%
106,713 CO Denver
92%
105,436 IN Indianapolis
92%
132,716 MO Kansas City
92%
38,316 KS Kansas City
92%
161,129 KY Louisville
92%
238,617 PA Pittsburgh
92%
132,146 RI Providence
92%
451,770 MO St. Louis
92%
38,067 TX Dallas
85%
40,634 PA Erie
85%
53,230 CT Hartford
85%
163,003 NJ Jersey City
85%
64,495 TN Memphis
85%
76,168 TN Nashville
85%
181,830 NJ Newark
85%
81,388 VA Richmond
85%
133,156 MN Saint Paul
85%
37,673 TX San Antonio
85%
75,215 PA Scranton
85%
42,837 WA Seattle
85%
31,007 KS Topeka
85%
57,458 NJ Trenton
85%
61,431 DE Wilmington
85%
65,533 GA Atlanta
77%
33,300 GA Augusta
77%
54,955 SC Charleston
77%
61,220 OH Dayton
77%
50,093 IA Des Moines
77%
33,115 MN Duluth
77%
35,393 IN Fort Wayne
77%
60,278 MI Grand Rapids
77%
39,385 PA Harrisburg
77%
55,154 NE Lincoln
77%
86,045 CT New Haven
77%
34,871 VA Norfolk
77%
140,452 NE Omaha
77%
46,385 OR Portland
77%
36,425 ME Portland
77%
43,189 GA Savannah
77%
44,179 MA Springfield
77%
31,895 OH Springfield
77%
36,006 WA Tacoma
77%
81,434 OH Toledo
77%
60,956 NY Troy
77%
84,655 MA Worcester
77%
32,033 NY Yonkers
77%
48,866 CT Bridgeport
69%
58,313 NJ Camden
69%
37,764 NJ Elizabeth
69%
50,756 IN Evansville
69%
74,398 MA Fall River
69%
55,727 MA Lynn
69%
44,126 NH Manchester
69%
31,076 AL Mobile
69%
48,682 CA Oakland
69%
78,347 NJ Paterson
69%
41,024 IL Peoria
69%
44,843 UT Salt Lake City
69%
44,007 NY Utica
69%
105,287 PA Allegheny
62%
70,028 MA Cambridge
62%
32,011 PA Lancaster
62%
77,696 MA Lowell
62%
40,733 MA New Bedford
62%
31,494 IL Quincy
62%
58,661 PA Reading
62%
37,718 PA Wilkes-Barre
62%
33,220 OH Youngstown
62%
35,005 NY Binghamton
54%
37,371 KY Covington
54%
43,648 NJ Hoboken
54%
44,654 MA Lawrence
54%
37,806 IA Sioux City
54%
52,324 MO St. Joseph
54%
34,522 WV Wheeling
54%
46,322 MI Saginaw
46%
30,801 MA Salem
46%
40,152 MA Somerville
46%
30,893 NY Elmira
23%
35,637 MA Holyoke
23%
No matching quizzes found
Score Distribution
Percent of People with Each Score
Percentile by Number Answered
Your Score History
You have not taken this quiz